| 000 | 01040cam a2200241 4500 | ||
|---|---|---|---|
| 001 | ABS64277 | ||
| 008 | 010723n2001 000 0 eng u | ||
| 035 | _a(Sirsi) u113722 | ||
| 100 | _aSykes, S. | ||
| 245 | _aNew environmental insurance solutions for property and corporate transactions | ||
| 260 | _c2001 | ||
| 490 |
_aLand Contamination & Reclamation _v9(2) 2001, 247-252(6) |
||
| 520 | _aArticle discusses the coming-of -age of the environmental insurance market as environmental insurance becomes an integral part of liability and risk management. Outlines the various environmental insurance solutions available; how to choose the most appropriate risk management option and considers the role of insurance brokers, lawyers and environmental consultants. | ||
| 590 | _aABS | ||
| 650 | _aENVIRONMENTAL INSURANCE | ||
| 650 | _aENVIRONMENTAL CONSULTANTS | ||
| 650 | _aRISK MANAGEMENT | ||
| 650 | _aCONTAMINATED LAND | ||
| 650 | _aREMEDIATION | ||
| 650 | _aINSURANCE POLICIES | ||
| 690 |
_aInsurance _96249 |
||
| 942 | _n0 | ||
| 999 |
_c67755 _d67755 |
||